书目信息 |
| 题名: |
运动训练学
|
|
| 作者: | ;全国体育院校教材委员会 审定 | |
| 分册: | ||
| 出版信息: | 北京 人民体育出版社 1990 |
|
| 页数: | 396页 | |
| 开本: | 20cm | |
| 丛书名: | ||
| 单 册: | ||
| 中图分类: | G808.1 | |
| 科图分类: | ||
| 主题词: | 体育理论 | |
| 电子资源: | ||
| ISBN: | 7-5009-0440-1 | |
| 000 | 00688nam0 2200205 450 | |
| 001 | 0637649500 | |
| 005 | 20070712110230.81 | |
| 010 | @a7-5009-0440-1@dCNY16.00 | |
| 100 | @a20060314d1990 km y0chiy0120 ea | |
| 101 | 0 | @achi |
| 102 | @aCN@b110000 | |
| 200 | 1 | @a运动训练学@Ayun dong xun lian xue@f全国体育院校教材委员会审定@Fquan guo ti yu yuan xiao jiao cai wei yuan hui shen ding |
| 210 | @a北京@c人民体育出版社@d1990@h2000 | |
| 215 | @a396页@d20cm | |
| 300 | @a体育院校通用教材 | |
| 606 | 0 | @a体育理论 |
| 690 | @aG808.1@v4 | |
| 711 | 0 | @a全国体育院校教材委员会@Aquan guo ti yu yuan xiao jiao cai wei yuan hui shen ding@4审定 |
| 801 | 0 | @aCN@bPFT@c20070712 |
| 905 | @a10447@dG808.1@e156 | |
| 运动训练学/全国体育院校教材委员会审定.-北京:人民体育出版社,1990(2000) |
| 396页;20cm |
| 体育院校通用教材 |
| ISBN 7-5009-0440-1:CNY16.00 |
| ● |
| 相关链接 |
|
|
|
|
正题名:运动训练学
索取号:G808.1/156
 
预约/预借
| 序号 | 登录号 | 条形码 | 馆藏地/架位号 | 状态 | 备注 |
| 1 | 0768145 | 207681454 | 密集书库/ [索取号:G808.1/156] | 在馆 |